| 000 | 00000nam 2200000za 4500 |
|---|---|
| 001 | 9.652942 |
| 003 | CaOODSP |
| 005 | 20240501105925 |
| 007 | ta |
| 008 | 150407|1988||||xxc||||| f|0| 0 fre d |
| 020 | |a0-660-54228-5 |
| 040 | |aCaOODSP|bfre |
| 041 | |aeng |
| 041 | |afre |
| 043 | |an-cn--- |
| 086 | 1 |aYX44-1985/3 |
| 110 | 1 |aCanada.|bStatuts. |
| 245 | 10|aLois révisées du Canada (1985), vol. III |
| 260 | |bStatuts, |c1988. |
| 590 | |a88-30|b1988-07-29 |
| 776 | 0#|tRevised Statutes of Canada, 1985. Vol. III / |w(CaOODSP)9.676787 |
| 791 | |tRevised Statutes of Canada, 1985, vol. III |eeng|w(CaOODSP)9.652941 |